[Event "AUTO-OPEN-3824"]
[Site "http://www.queenalice.com/game.php?id=1486163"]
[Date "2017.7.15"]
[Round "1"]
[White "radusweski"]
[Black "Fredo"]
[Result "1-0"]
[WhiteElo "1750"]
[BlackElo "1976"]

1. d4 f5 2. c4 Nf6 3. Bg5 e6 4. e3 d6 5. Nc3 Be7 6. Nf3 O-O 7. Bd3 Nbd7 8. O-O
Qe8 9. Nb5 c6 10. Nc7 Qd8 11. Nxa8 b6 12. Qa4 a6 13. Qxc6 Nb8 14. Qxb6 Qe8 15.
Qxb8 Qg6 16. Qc7 h6 17. Bxf6 Bxf6 18. Nb6 Kh7 19. Nxc8 1-0

[Event "AUTO-OPEN-3824"]
[Site "http://www.queenalice.com/game.php?id=1486182"]
[Date "2017.7.15"]
[Round "1"]
[White "Danado"]
[Black "radusweski"]
[Result "1-0"]
[WhiteElo "1543"]
[BlackElo "1731"]

1. e4 c5 2. Nc3 d6 3. h3 Nc6 4. Bb5 g6 5. Bxc6+ bxc6 6. Nf3 Ba6 7. d3 c4 8. d4
Bg7 9. O-O e6 10. Re1 Ne7 11. Qe2 Qb6 12. Rd1 d5 13. exd5 cxd5 14. Be3 Qxb2 15.
Na4 Qa3 16. Nc5 Bb5 17. Nb7 Rb8 18. Nc5 O-O 19. Rdb1 Qa5 20. Ne5 Qd8 21. Na6
Bxa6 22. Rxb8 Qxb8 23. c3 Bxe5 24. dxe5 Qxe5 25. Rc1 Nc6 26. Qe1 f5 27. Bc5
Qxe1+ 28. Rxe1 Re8 29. Be3 e5 30. Rd1 Rd8 31. Bg5 Rd7 32. Be3 d4 33. Bc1 1-0

[Event "AUTO-OPEN-3824"]
[Site "http://www.queenalice.com/game.php?id=1486183"]
[Date "2017.7.15"]
[Round "1"]
[White "radusweski"]
[Black "Danado"]
[Result "0-1"]
[WhiteElo "1707"]
[BlackElo "1567"]

1. d4 d5 2. c4 dxc4 3. Nc3 e6 4. a3 e5 5. e3 exd4 6. Qxd4 Qxd4 7. exd4 h6 8.
Bxc4 Nf6 9. Nf3 Bd6 10. O-O O-O 11. Nb5 a6 12. Nc3 Re8 13. Nd5 Nxd5 14. Bxd5 Re7
15. Bd2 c6 16. Bb3 Be6 17. Rfe1 Nd7 18. Bxe6 fxe6 19. Ne5 Nxe5 20. dxe5 Bc7 21.
b4 Bb6 22. Be3 Bxe3 23. Rxe3 a5 24. bxa5 Rxa5 25. f4 Ra4 26. g3 b5 27. Rc3 Rc7
28. Kf2 b4 29. Rc4 c5 30. g4 Kf7 31. Ke3 Rxa3+ 32. Rxa3 bxa3 33. Ra4 c4 0-1

[Event "AUTO-OPEN-3824"]
[Site "http://www.queenalice.com/game.php?id=1486192"]
[Date "2017.7.15"]
[Round "1"]
[White "Jackzapo"]
[Black "radusweski"]
[Result "1-0"]
[WhiteElo "1788"]
[BlackElo "1549"]

1. e4 c5 2. Nf3 g6 3. Bc4 Bg7 4. O-O d6 5. Re1 Nc6 6. c3 e6 7. a3 Ne5 8. Ba2 Nf6
9. d4 cxd4 10. cxd4 Nxf3+ 11. Qxf3 d5 12. e5 Ne4 13. Nd2 Ng5 14. Qg4 Qa5 15.
Qxg5 Bd7 16. b4 Qc7 17. h4 O-O 18. h5 h6 19. Qg3 Be8 20. hxg6 fxg6 21. Nb3 Qc2
22. Be3 Qb2 23. Nc5 Bf7 24. Qh3 h5 25. Nxe6 Qxa3 26. Bxd5 Qxb4 27. Nxf8 Bxd5 28.
Nxg6 1-0

[Event "AUTO-OPEN-3824"]
[Site "http://www.queenalice.com/game.php?id=1486193"]
[Date "2017.7.15"]
[Round "1"]
[White "radusweski"]
[Black "Jackzapo"]
[Result "0-1"]
[WhiteElo "1543"]
[BlackElo "1794"]

1. d4 Nf6 2. c4 g6 3. Nc3 Bg7 4. Bg5 O-O 5. e4 d6 6. d5 c6 7. Nf3 Re8 8. Qd2 Qc7
9. Be2 Nbd7 10. O-O cxd5 11. cxd5 a6 12. Rac1 Qd8 13. Qe3 b5 14. Bh6 Bb7 15.
Bxg7 Kxg7 16. Nh4 Ne5 17. Qg3 Nc4 18. e5 dxe5 19. Bxc4 bxc4 20. Qxe5 Qb6 21. Na4
Qb5 22. b3 Bxd5 23. Nc3 Qb7 24. Nxd5 Rad8 25. bxc4 Qd7 26. Rfd1 a5 27. Qg3 Qc6
0-1

[Event "AUTO-ADV-3868"]
[Site "http://www.queenalice.com/game.php?id=1486234"]
[Date "2017.7.16"]
[Round "1"]
[White "paloberto"]
[Black "radusweski"]
[Result "1-0"]
[WhiteElo "1885"]
[BlackElo "1637"]

1. d4 c5 2. e4 cxd4 3. Qxd4 Nc6 4. Qd1 d6 5. Nf3 g6 6. Bb5 Bd7 7. Nc3 Bg7 8. Bd2
Nf6 9. O-O O-O 10. Re1 a6 11. Bc4 Qb6 12. Rb1 Rac8 13. Be3 Qd8 14. a3 Ng4 15.
Nd5 Nf6 16. Nb6 Rc7 17. Nxd7 Qxd7 18. c3 Nxe4 19. Bb6 Rcc8 20. Rxe4 e6 21. Bb3
d5 22. Ba4 1-0

[Event "AUTO-ADV-3868"]
[Site "http://www.queenalice.com/game.php?id=1486235"]
[Date "2017.7.16"]
[Round "1"]
[White "radusweski"]
[Black "APSHOOTER"]
[Result "0-1"]
[WhiteElo "1800"]
[BlackElo "1615"]

1. d4 d5 2. c4 Nf6 3. Bg5 e6 4. Nf3 Nc6 5. Nc3 Bb4 6. Qb3 Ba5 7. cxd5 Bxc3+ 8.
Qxc3 exd5 9. e3 a6 10. Be2 h6 11. Bh4 g5 12. Bg3 Ne4 13. Qd3 Nxg3 14. hxg3 g4
0-1

[Event "AUTO-ADV-3868"]
[Site "http://www.queenalice.com/game.php?id=1486236"]
[Date "2017.7.16"]
[Round "1"]
[White "APSHOOTER"]
[Black "radusweski"]
[Result "1-0"]
[WhiteElo "1638"]
[BlackElo "1777"]

1. e4 c5 2. Bc4 e6 3. Nc3 d6 4. Bb5+ Bd7 5. Bxd7+ Nxd7 6. d3 g6 7. Nf3 Bg7 8.
Bf4 e5 9. Be3 Ngf6 10. h3 O-O 11. Qd2 Qb6 12. Na4 Qb4 13. Qxb4 cxb4 14. Nc5 Nxc5
15. Bxc5 1-0

[Event "AUTO-ADV-3868"]
[Site "http://www.queenalice.com/game.php?id=1486237"]
[Date "2017.7.16"]
[Round "1"]
[White "radusweski"]
[Black "maurice91"]
[Result "0-1"]
[WhiteElo "1602"]
[BlackElo "1810"]

1. d4 d5 2. c4 Nf6 3. Nf3 c6 4. e3 e6 5. Nc3 Bb4 6. Bd2 O-O 7. Qb3 a5 8. Bd3 Na6
9. O-O dxc4 10. Bxc4 Nd5 11. a3 Bd6 12. Nxd5 cxd5 13. Bd3 Bd7 14. Qxb7 Nc7 15.
Qb6 Be7 16. Rac1 Rc8 17. Qxa5 Bd6 18. Ne5 Ra8 19. Qc3 Ba4 20. Bc2 Bb5 21. Bd3
Bxd3 22. Qxd3 Qe7 23. Bb4 Bxb4 24. axb4 Rfc8 25. g3 Qxb4 26. Rb1 Ne8 27. Nf3 Nf6
28. b3 Rc3 29. Qd1 Ra3 30. Ra1 Rcxb3 31. Rc1 Rc3 32. Rxc3 Rxc3 33. Qa1 Ra3 34.
Qc1 Rc3 35. Qa1 Ra3 36. Qc1 Ra8 37. Qd2 Qd6 38. Rc1 Ne4 39. Qc2 Rd8 40. Qc7 Qxc7
41. Rxc7 Kf8 0-1

[Event "AUTO-ADV-3868"]
[Site "http://www.queenalice.com/game.php?id=1486238"]
[Date "2017.7.16"]
[Round "1"]
[White "maurice91"]
[Black "radusweski"]
[Result "1-0"]
[WhiteElo "1828"]
[BlackElo "1609"]

1. d4 c5 2. d5 d6 3. e4 Nf6 4. f3 g6 5. c4 Bg7 6. Nc3 O-O 7. Be3 Re8 8. Bd3 Nbd7
9. Nh3 Qb6 10. Qc2 Ne5 11. Be2 Bxh3 12. gxh3 e6 13. f4 Ned7 14. Bf3 Qa6 15. b3
exd5 16. cxd5 b6 17. Be2 Qc8 18. Bd3 a6 19. Qg2 b5 20. O-O c4 21. bxc4 bxc4 22.
Bc2 Nc5 23. Kh1 Nfd7 24. Qd2 Nxe4 25. Bxe4 Bxc3 26. Qxc3 Rxe4 27. Bd4 f6 28.
Bxf6 Nxf6 29. Qxf6 Qf8 30. Qg5 Kh8 31. f5 h6 32. Qxg6 Re2 33. f6 c3 34. f7 Qg7
35. Qxg7+ Kxg7 36. Rf3 c2 37. Rg1+ Kh7 38. f8=Q Rxf8 39. Rxf8 Rd2 40. Rf7+ 1-0

[Event "AUTO-ADV-3899"]
[Site "http://www.queenalice.com/game.php?id=1494492"]
[Date "2017.9.15"]
[Round "1"]
[White "Adrianovlg"]
[Black "radusweski"]
[Result "1-0"]
[WhiteElo "1895"]
[BlackElo "1614"]

1. e4 c5 2. Nf3 d6 3. d4 cxd4 4. Nxd4 Nf6 5. Nc3 Qa5 6. Nb3 Qe5 7. Qd3 a6 8. f4
Qh5 9. Be2 Bg4 10. Bd2 e6 11. O-O-O 1-0

[Event "AUTO-ADV-3899"]
[Site "http://www.queenalice.com/game.php?id=1494493"]
[Date "2017.9.15"]
[Round "1"]
[White "radusweski"]
[Black "Adrianovlg"]
[Result "0-1"]
[WhiteElo "1619"]
[BlackElo "1890"]

1. d4 Nf6 2. c4 c5 3. d5 e6 4. dxe6 fxe6 5. Nc3 d5 6. Nf3 d4 7. Nb5 Nc6 8. Bg5
Be7 9. Qd2 a6 10. Na3 O-O 0-1

[Event "AUTO-ADV-3899"]
[Site "http://www.queenalice.com/game.php?id=1494504"]
[Date "2017.9.15"]
[Round "1"]
[White "kuntakinte"]
[Black "radusweski"]
[Result "1-0"]
[WhiteElo "1785"]
[BlackElo "1563"]

1. e4 c5 2. c4 g6 3. d4 e6 4. Nf3 cxd4 5. Qxd4 Nf6 6. e5 Nh5 7. c5 Bg7 8. Bc4
Nc6 9. Qc3 Qc7 10. O-O Nxe5 11. Nbd2 O-O 12. Re1 Nxf3+ 13. Qxf3 Be5 14. g3 1-0

[Event "AUTO-ADV-3899"]
[Site "http://www.queenalice.com/game.php?id=1494505"]
[Date "2017.9.15"]
[Round "1"]
[White "radusweski"]
[Black "kuntakinte"]
[Result "0-1"]
[WhiteElo "1556"]
[BlackElo "1792"]

1. d4 d5 2. c4 c6 3. Nf3 dxc4 4. a4 e6 5. Bg5 Be7 6. Bxe7 Nxe7 7. e3 Nd7 8. Bxc4
O-O 9. O-O Nb6 10. b3 a6 11. Nc3 Ng6 12. Qc2 Qf6 0-1

[Event "AUTO-OPEN-3847"]
[Site "http://www.queenalice.com/game.php?id=1494556"]
[Date "2017.9.15"]
[Round "1"]
[White "Adrianovlg"]
[Black "radusweski"]
[Result "1-0"]
[WhiteElo "1878"]
[BlackElo "1631"]

1. e4 c5 2. Nf3 d6 3. d4 cxd4 4. Nxd4 Nf6 5. Nc3 Qa5 6. Bb5+ Bd7 7. Bxd7+ Nfxd7
8. O-O g6 9. Be3 Bg7 10. Qd2 O-O 11. Bh6 1-0

[Event "AUTO-OPEN-3847"]
[Site "http://www.queenalice.com/game.php?id=1494557"]
[Date "2017.9.15"]
[Round "1"]
[White "radusweski"]
[Black "Adrianovlg"]
[Result "0-1"]
[WhiteElo "1625"]
[BlackElo "1884"]

1. d4 Nf6 2. c4 c5 3. d5 e6 4. dxe6 fxe6 5. Bg5 Nc6 6. Nf3 Be7 7. Qc2 O-O 8. e3
d5 9. Bd3 Nb4 10. Qc3 Ne4 0-1

[Event "AUTO-OPEN-3847"]
[Site "http://www.queenalice.com/game.php?id=1494592"]
[Date "2017.9.15"]
[Round "1"]
[White "radusweski"]
[Black "Alex_ac"]
[Result "0-1"]
[WhiteElo "1492"]
[BlackElo "1557"]

1. d4 e6 2. c4 d5 3. Nc3 Bb4 4. Qc2 h6 5. Nf3 Nf6 6. Bf4 O-O 7. e3 a6 8. a3
Bxc3+ 9. Qxc3 Ne4 10. Qc2 Nc6 11. cxd5 exd5 12. Bd3 Bf5 13. Ne5 Nxe5 14. Bxe5 c6
15. f3 Qh4+ 16. g3 Nxg3 0-1

[Event "AUTO-OPEN-3847"]
[Site "http://www.queenalice.com/game.php?id=1494593"]
[Date "2017.9.15"]
[Round "1"]
[White "Alex_ac"]
[Black "radusweski"]
[Result "1-0"]
[WhiteElo "1570"]
[BlackElo "1479"]

1. e3 e5 2. a3 d5 3. c4 Nf6 4. h3 dxc4 5. Bxc4 Be7 6. d3 O-O 7. e4 Nc6 8. Nf3
Bc5 9. O-O Nd4 10. Be3 Re8 11. Nc3 Nxf3+ 12. Qxf3 a6 13. Bxc5 b6 14. Be3 b5 15.
Bd5 Nxd5 16. exd5 Bb7 17. Bc5 1-0